000
00339 a2200157 4500
001
190045
020
_a
978-85-260-1491-6
040
_c
Magnum
100
_a
Santanna, Affonso Romano de
240
1
0
_a
Melhores poemas
_l
por
245
1
0
_a
Melhores poemas
300
_a
307
362
0
_a
2010
697
_a
LITERATURA GERAL
942
_c
BK
999
_c
190045
_d
190045